| 000 | 01021nam0a22002771 4500 | ||
|---|---|---|---|
| 001 | v19\rc\2032598 | ||
| 005 | 20260406084120.0 | ||
| 035 | _a(NLR Aleph) 005275764 | ||
| 090 |
_a6046777 _c6046777 |
||
| 100 | _a20080925d1917 |||y0rusy50 ca | ||
| 101 | 1 |
_arus _cita |
|
| 102 | _aRU | ||
| 105 | _ay z ||||| | ||
| 200 | 1 |
_aПротивникам социализма _fЭ. де-Амичис |
|
| 210 |
_aКишинев _cтип. "Свобода" _d1917 |
||
| 215 |
_a16 с. _d18 |
||
| 225 | 1 | _aОбщедоступная социально-политическая библиотека "Свобода и культура" | |
| 700 | 1 |
_8rus _7ca _aДе Амичис _bЭ. _f1846-1908 _gЭдмондо _3RU\NLR\AUTH\7752131 _935064 |
|
| 790 | 1 |
_aАмичис _bЭ. де _f1846-1908 _gЭдмондо де |
|
| 801 | 0 |
_aRU _bNLR _c20080925 _gpsbo |
|
| 801 | 0 |
_aRU _bRuMoRGB _c20080925 _2psbo |
|
| 801 | 1 |
_aRU _bProSoft-M _c20080925 _2rusmarc |
|
| 801 | 2 |
_aRU _bNLR _c20081217 _2rusmarc |
|
| 852 |
_aNLR _j129/2430 |
||
| 942 | _cBOOK | ||
| 980 | _aNB | ||